[Event "ch-FRA Blitz Online Qual"]
[Site "Europe-Chess INT"]
[Date "2020.05.16"]
[Round "12"]
[White "Suez-Panama, Gilles"]
[Black "Capton, Rafael"]
[Result "0-1"]
[WhiteElo "1943"]
[BlackElo "1737"]
[WhiteFideId "620165"]
[BlackFideId "36084778"]
[EventDate "2020.05.16"]

1. d4 Nf6 2. Nf3 g6 3. c4 Bg7 4. Nc3 O-O 5. g3 d6 6. Bg2 Nbd7 7. O-O e5 8. h3
exd4 9. Nxd4 Ne5 10. b3 Ned7 11. Bb2 Re8 12. Qc2 Nb6 13. Rad1 a6 14. e4 Qe7 15.
Nd5 Nbxd5 16. exd5 Nd7 17. Qd2 Nc5 18. Rfe1 Qd8 19. Bf3 Bxh3 20. Kh2 Bd7 21.
Rxe8+ Qxe8 22. Kg2 Qd8 23. Rh1 b5 24. Nc6 Bxc6 25. dxc6 Bxb2 26. Qxb2 Qg5 27.
cxb5 axb5 28. a3 Nd3 29. Qd4 Ne5 30. Be2 Re8 31. Bxb5 Qf5 32. Be2 Nxc6 33. Qh4
h5 34. Bc4 Ne5 35. Be2 d5 36. Qd4 c6 37. f4 Ng4 38. Bxg4 Qxg4 39. Rf1 Qf5 40.
Rf2 Kh7 41. b4 Qe4+ 42. Qxe4 Rxe4 43. Kf3 Rc4 44. Ra2 Kg7 45. a4 Rxb4 46. a5 Rb8
47. a6 Ra8 48. Ke3 Kf6 49. Kd4 Ke6 50. Kc5 Kd7 51. Kb6 Rb8+ 52. Ka7 Kc7 53. Re2
Rb5 54. Re7+ Kd6 55. Rxf7 d4 56. Rf8 Ke7 57. Rc8 Kd7 58. Rb8 Ra5 59. Kb6 Rb5+
60. Ka7 Kc7 61. Re8 d3 0-1

[Event "ch-FRA Blitz Online Qual"]
[Site "Europe-Chess INT"]
[Date "2020.05.16"]
[Round "12"]
[White "Salami, Reza"]
[Black "Ferey, Antonin"]
[Result "1-0"]
[WhiteElo "1882"]
[BlackElo "2138"]
[WhiteFideId "618659"]
[BlackFideId "36051454"]
[EventDate "2020.05.16"]

1. d4 Nf6 2. Nf3 e6 3. Bg5 c5 4. e3 Qb6 5. b3 Nc6 6. c3 d5 7. Bd3 Bd7 8. O-O Rc8
9. Nbd2 Be7 10. Rc1 h6 11. Bh4 g5 12. Bg3 Nh5 13. Ne5 Nxg3 14. hxg3 Nxe5 15.
dxe5 h5 16. e4 h4 17. gxh4 gxh4 18. exd5 exd5 19. c4 h3 20. g3 h2+ 21. Kh1 Bc6
22. cxd5 Bxd5+ 23. Be4 Qc6 24. Bxd5 Qxd5+ 25. Nf3 Qc6 26. Qe2 Rh5 27. Rfe1 Rd8
28. Qe4 Qxe4 29. Rxe4 Rd3 30. Nxh2 Rd2 31. Kg2 Rxa2 32. Ng4 Rh6 33. Nxh6 Bg5 34.
Rh1 Rb2 35. e6 f6 36. Nf5 1-0

[Event "ch-FRA Blitz Online Qual"]
[Site "Europe-Chess INT"]
[Date "2020.05.16"]
[Round "12"]
[White "Baroyan, Davit"]
[Black "Villevieille, Lucas"]
[Result "1-0"]
[WhiteElo "2218"]
[BlackElo "1713"]
[WhiteFideId "26033607"]
[BlackFideId "36022349"]
[EventDate "2020.05.16"]

1. d4 Nf6 2. c4 g6 3. Nc3 Bg7 4. e4 d6 5. Nf3 O-O 6. Be2 Nbd7 7. O-O e5 8. dxe5
dxe5 9. h3 Ne8 10. b4 f5 11. Bb2 Nef6 12. c5 fxe4 13. Bc4+ Kh8 14. Ng5 Qe7 15.
Ne6 b6 16. Nxc7 Rb8 17. Ne6 Re8 18. c6 Nf8 19. Nxg7 Rd8 20. Qe2 Ne6 21. Nxe6
Bxe6 22. Bxe6 Qxe6 23. c7 1-0

[Event "ch-FRA Blitz Online Qual"]
[Site "Europe-Chess INT"]
[Date "2020.05.16"]
[Round "12"]
[White "Maccagnan, Tomas"]
[Black "Maugin, Narada"]
[Result "1-0"]
[WhiteElo "1968"]
[BlackElo "1947"]
[WhiteFideId "26091763"]
[BlackFideId "45165025"]
[EventDate "2020.05.16"]

1. e4 c6 2. d4 d5 3. e5 c5 4. c4 cxd4 5. Nf3 Bg4 6. Qxd4 Bxf3 7. gxf3 Nc6 8. Qf4
e6 9. cxd5 Qxd5 10. Nc3 Qxe5+ 11. Qxe5 Nxe5 12. Bb5+ Nc6 13. Bf4 Ne7 14. O-O-O
a6 15. Bc4 Rc8 16. Kb1 Ng6 17. Bd6 Bxd6 18. Rxd6 Nce5 19. Be2 Ke7 20. Rb6 Rc7
21. Bd1 Rd8 22. h4 Nf4 23. h5 h6 24. Ne4 Nfd3 25. Bb3 Nxf3 26. Rh3 Nfe5 27. Rg3
Nd7 28. Rd6 Rdc8 29. a3 N3e5 30. Rxg7 Nf6 31. Rxf7+ Nxf7 32. Rxe6+ Kf8 33. Nxf6
Kg7 34. Ne4 Ng5 35. Rg6+ Kh7 36. Nf6+ Kh8 37. Rxh6+ Kg7 38. Rg6+ Kf8 39. Rxg5
Rc1+ 40. Ka2 R8c6 41. Nd5 R1c5 42. Rg6 Rxg6 43. hxg6 Kg7 44. f4 b5 45. f5 a5 46.
Ne7 a4 47. Be6 Re5 48. Kb1 Kf6 49. Kc2 Kxe7 50. Kc3 Re2 51. g7 Re3+ 52. Kb4 Rb3+
53. Bxb3 axb3 54. g8=Q Kd6 55. Kxb3 Kc5 56. Qc8+ Kb6 57. Kb4 Ka7 58. Qc5+ Ka6
59. Qxb5+ Ka7 60. Kc5 Ka8 61. Kc6 Ka7 62. Qb7# 1-0

[Event "ch-FRA Blitz Online Qual"]
[Site "Europe-Chess INT"]
[Date "2020.05.16"]
[Round "12"]
[White "Grosse, Ludovic"]
[Black "Cornileau, Juliette"]
[Result "1/2-1/2"]
[WhiteElo "1958"]
[BlackElo "1872"]
[WhiteFideId "26045842"]
[BlackFideId "36083372"]
[EventDate "2020.05.16"]

1. d4 d5 2. Nf3 e6 3. Bf4 Nf6 4. e3 Bd6 5. Bg5 O-O 6. c3 c6 7. Bd3 Nbd7 8. Nbd2
Qc7 9. O-O Re8 10. e4 dxe4 11. Nxe4 Nxe4 12. Bxe4 e5 13. Qc2 h6 14. Be3 exd4 15.
Bxd4 Ne5 16. Nxe5 Bxe5 17. Bxe5 Qxe5 18. Rfe1 Bf5 19. f3 Bxe4 20. Rxe4 Qc5+ 21.
Qf2 Qxf2+ 22. Kxf2 Rxe4 23. fxe4 f6 24. Rd1 Re8 25. Rd7 b5 26. Rxa7 Rxe4 27. Rc7
Rc4 28. h3 b4 29. cxb4 Rc2+ 30. Kg1 Rxb2 31. a3 Rb3 32. Rxc6 Rxa3 33. b5 Rb3 34.
b6 Kf8 35. Rc8+ Ke7 36. Rc7+ Kd6 37. Rxg7 Rxb6 38. Rg6 Ke5 39. Rxh6 Rb1+ 40. Kh2
Kf5 41. Rh5+ Kg6 42. Rh4 Rb2 43. Rg4+ Kf5 44. Rg8 Rb4 45. Ra8 Kg5 46. Ra5+ Kg6
47. Ra3 f5 48. Rf3 Kg5 49. Kg3 Rc4 50. h4+ Kg6 51. Kh3 Rg4 52. g3 Rb4 53. Rc3
Rb1 54. Rc6+ Kh5 55. Rc8 Rh1+ 56. Kg2 Rb1 57. Rh8+ Kg6 58. Rg8+ Kh7 59. Rg5 Rb2+
60. Kf3 Rb5 61. Kf4 Kh6 62. Rxf5 Rb4+ 63. Ke5 Rb5+ 64. Ke4 Rb4+ 65. Kf3 Rb3+ 66.
Kg4 Rb4+ 67. Kh3 Rb3 68. Rg5 Rb4 69. Rc5 Rb3 70. Rc6+ Kh5 71. Rc5+ Kh6 72. Rf5
Kg6 73. Rf4 Rc3 74. Kg4 Rc5 75. h5+ Kg7 76. Kh4 Rd5 77. g4 Kh6 78. Rf6+ Kg7 79.
Ra6 Rd4 80. Kg5 Rd5+ 81. Kf4 Rd4+ 82. Kf5 Rd5+ 83. Ke4 Rg5 84. Kf4 Rd5 85. Ra7+
Kh6 86. Ra6+ Kg7 1/2-1/2

[Event "ch-FRA Blitz Online Qual"]
[Site "Europe-Chess INT"]
[Date "2020.05.16"]
[Round "12"]
[White "Siffert, Arman"]
[Black "Boulos, Carlos"]
[Result "0-1"]
[WhiteElo "1887"]
[BlackElo "2147"]
[WhiteFideId "45125350"]
[BlackFideId "5302749"]
[EventDate "2020.05.16"]

1. d4 f5 2. c4 Nf6 3. Nc3 d6 4. Nf3 g6 5. e3 Bg7 6. Bd3 O-O 7. Qc2 Nc6 8. O-O
Nb4 9. Qd1 Nxd3 10. Qxd3 c6 11. b3 Qc7 12. Bb2 e5 13. dxe5 dxe5 14. Qe2 e4 15.
Ng5 Bd7 16. Rad1 Rad8 17. Qc2 h6 18. Nh3 Ng4 19. g3 Ne5 20. Ne2 Be6 21. Bxe5
Qxe5 22. Nhf4 Bf7 23. Rxd8 Rxd8 24. Rd1 Rxd1+ 25. Qxd1 g5 26. Ng2 Bh5 27. h4 Qe7
28. Qd2 c5 29. Nc3 Bxc3 30. Qxc3 Qd6 31. Kh2 a6 32. a3 Bf3 33. b4 b6 34. bxc5
bxc5 35. a4 Kh7 36. Qb2 Kg6 37. Qb7 Bxg2 38. Kxg2 gxh4 39. gxh4 Kh5 40. Qf7+
Qg6+ 41. Qxg6+ Kxg6 42. Kg3 Kh5 43. a5 Kg6 44. Kf4 Kf6 45. h5 Ke6 46. f3 exf3
47. Kxf3 Ke5 48. Kf2 Ke4 49. Ke2 f4 50. exf4 Kxf4 51. Kd3 Kf3 52. Kd2 Ke4 53.
Kc2 Kd4 54. Kb3 Kd3 55. Ka3 Kxc4 56. Ka4 Kd3 57. Ka3 c4 58. Ka4 c3 59. Kb3 c2
60. Kb2 Kd2 61. Kb3 c1=Q 62. Ka4 Kd3 63. Kb4 Qc4+ 64. Ka3 Qc5+ 65. Kb2 Qb4+ 66.
Ka2 Kc2 67. Ka1 Qb1# 0-1

[Event "ch-FRA Blitz Online Qual"]
[Site "Europe-Chess INT"]
[Date "2020.05.16"]
[Round "12"]
[White "Barraud, Mickael"]
[Black "Labelle, Ambroise"]
[Result "0-1"]
[WhiteElo "1733"]
[BlackElo "1952"]
[WhiteFideId "696137"]
[BlackFideId "26092050"]
[EventDate "2020.05.16"]

1. e4 e6 2. d4 d5 3. e5 c5 4. c3 Nc6 5. Nf3 Nh6 6. Be3 Nf5 7. dxc5 Nxe3 8. fxe3
Bxc5 9. Nd4 Nxe5 10. Bb5+ Bd7 11. Bxd7+ Qxd7 12. O-O O-O 13. Nd2 Rae8 14. N2f3
Nc4 15. Qe2 e5 16. Nb3 Nxe3 17. Nxc5 Qc6 18. Qxe3 f6 19. Nb3 b6 20. Rad1 Rd8 21.
Nh4 Rf7 22. Rf3 Qa4 23. Rg3 Qxh4 24. Nd2 Qa4 25. Nf3 Qxd1+ 26. Ne1 d4 27. cxd4
Rxd4 28. h3 Rc4 29. Kh2 Qd4 30. Qf2 Qxf2 0-1

[Event "ch-FRA Blitz Online Qual"]
[Site "Europe-Chess INT"]
[Date "2020.05.16"]
[Round "12"]
[White "Druon, Thibault"]
[Black "Joly, Julien"]
[Result "0-1"]
[WhiteElo "1644"]
[BlackElo "2188"]
[WhiteFideId "45166510"]
[BlackFideId "26082284"]
[EventDate "2020.05.16"]

1. d4 c5 2. d5 g6 3. c4 Bg7 4. Nc3 Nf6 5. e4 d6 6. f3 a6 7. Be3 O-O 8. Qd2 Re8
9. h4 h5 10. Bh6 Bh8 11. f4 e6 12. Bd3 exd5 13. cxd5 b5 14. f5 Bxf5 15. O-O-O
Nxe4 16. Qc2 Qf6 17. Nxe4 Bxe4 18. Bxe4 Rxe4 19. Qxe4 Qxb2# 0-1

[Event "ch-FRA Blitz Online Qual"]
[Site "Europe-Chess INT"]
[Date "2020.05.16"]
[Round "12"]
[White "Ibrouchene, Christophe"]
[Black "Zniber, Reda"]
[Result "0-1"]
[WhiteElo "1797"]
[BlackElo "1986"]
[WhiteFideId "45110786"]
[BlackFideId "36054224"]
[EventDate "2020.05.16"]

1. f4 d5 2. Nf3 Nf6 3. e3 Bg4 4. Be2 c5 5. O-O Nc6 6. Ne5 Bxe2 7. Qxe2 Qc7 8.
Nxc6 Qxc6 9. Nc3 e6 10. b3 Bd6 11. Bb2 O-O-O 12. a3 h5 13. b4 c4 14. b5 Qd7 15.
a4 h4 16. a5 h3 17. g3 Rdg8 18. d3 cxd3 19. cxd3 Kb8 20. e4 d4 21. Na4 e5 22.
fxe5 Bxe5 23. Nc5 Qd6 24. Nxb7 Kxb7 25. a6+ Kb8 26. Ba3 Qe6 27. Rab1 Nd7 28. Rf3
Nb6 29. Bc5 f6 30. Qf2 Rd8 31. Rf1 Rd7 32. Rd1 Rc8 33. Bxb6 Qxb6 34. Rf5 Rdc7
35. Qf1 Rc2 36. Qxh3 Qxb5 37. Qg4 g5 38. Rff1 Ka8 39. Qe6 Qc6 40. Qf7 Qc7 41.
Qd5+ Qc6 42. Qf7 Rc5 43. Rb1 Qxa6 44. Ra1 Qb7 45. Qe6 R5c6 46. Qd5 Rb6 47. Qa2
Kb8 48. Rab1 Rcc6 49. Ra1 Rb2 50. Qg8+ Qc8 51. Qf7 Qc7 52. Qe8+ Kb7 53. Qg8 Rb5
54. Qa2 a6 55. Rfb1 Rcb6 56. Rc1 Rc5 57. Rxc5 Qxc5 58. Qf7+ Bc7 0-1

[Event "ch-FRA Blitz Online Qual"]
[Site "Europe-Chess INT"]
[Date "2020.05.16"]
[Round "12"]
[White "Haberthur, Maxime"]
[Black "Del Giovane, Fabio"]
[Result "1-0"]
[WhiteElo "1941"]
[BlackElo "1629"]
[WhiteFideId "36097551"]
[BlackFideId "45142190"]
[EventDate "2020.05.16"]

1. e4 d5 2. exd5 Qxd5 3. Nc3 Qa5 4. Bc4 Nf6 5. d4 Bg4 6. f3 Bf5 7. Bd2 c6 8.
Nge2 Qc7 9. g4 Bg6 10. Nf4 e6 11. h4 Bd6 12. h5 Bxf4 13. hxg6 Bg3+ 14. Kf1 fxg6
15. Qe2 e5 16. dxe5 Qxe5 17. Qxe5+ Bxe5 18. Re1 Nfd7 19. f4 Rf8 20. Kg2 Na6 21.
fxe5 O-O-O 22. e6 1-0

[Event "ch-FRA Blitz Online Qual"]
[Site "Europe-Chess INT"]
[Date "2020.05.16"]
[Round "12"]
[White "Cassam-Chenai, Antoine"]
[Black "Lavanant, Alexandre"]
[Result "1-0"]
[WhiteElo "1839"]
[BlackElo "1937"]
[WhiteFideId "36087866"]
[BlackFideId "654949"]
[EventDate "2020.05.16"]

1. e4 e6 2. d4 d5 3. e5 c6 4. Nf3 c5 5. c3 Nc6 6. a3 c4 7. Be2 Bd7 8. O-O Na5 9.
Nbd2 Bc6 10. b4 cxb3 11. Nxb3 Ba4 12. Rb1 Nxb3 13. Rxb3 Bxb3 14. Qxb3 Qb6 15.
Bb5+ Kd8 16. Ng5 Nh6 17. Qa4 Be7 18. Nf3 Rc8 19. c4 dxc4 20. Bd2 c3 21. Be3 Nf5
22. Bc1 a6 23. Bd3 g6 24. d5 exd5 25. Ng5 Bxg5 26. Bxg5+ Kc7 27. e6 fxe6 28.
Bxf5 Kb8 29. Bf4+ Ka8 30. Bd3 Rhd8 31. Rb1 Qa7 32. Be3 d4 33. Bg5 Rd6 34. Qb4 c2
35. Bxc2 Rxc2 36. Qxd6 d3 37. Qd8+ Qb8 38. Qxd3 Rc7 39. Bf4 1-0

[Event "ch-FRA Blitz Online Qual"]
[Site "Europe-Chess INT"]
[Date "2020.05.16"]
[Round "12"]
[White "Duprey, Francois-xavier"]
[Black "Cleran, Anthony"]
[Result "1-0"]
[WhiteElo "1613"]
[BlackElo "1933"]
[WhiteFideId "20612516"]
[BlackFideId "626066"]
[EventDate "2020.05.16"]

1. c4 e5 2. g3 Nc6 3. Bg2 f5 4. Nc3 Nf6 5. d3 Bb4 6. Bd2 O-O 7. a3 Bxc3 8. bxc3
d6 9. e3 Qe8 10. Ne2 Bd7 11. O-O Qh5 12. h3 f4 13. exf4 Bxh3 14. f3 exf4 15.
Nxf4 Qg5 16. Nxh3 Qxg3 17. Qe1 Qg6 18. Qf2 Qxd3 19. Rad1 Qxc4 20. Bg5 Qxc3 21.
Qd2 Qxd2 22. Rxd2 Ne5 23. f4 Ng6 24. Bxb7 Rab8 25. Bg2 h6 26. Bxf6 Rxf6 27. f5
Ne5 28. Kh1 Kf8 29. Nf4 Rb3 30. Ne6+ Kg8 31. Nxc7 Rxa3 32. Nd5 Rf8 33. Ne7+ Kh7
34. Be4 Rf6 35. Nd5 Rh3+ 36. Kg2 Rh4 37. Nxf6+ gxf6 38. Bc2 Rg4+ 39. Kf2 Nc4 40.
Re2 Ne5 41. Bb3 Rh4 42. Be6 Nd3+ 43. Ke3 Nc5 44. Rd2 Rh3+ 45. Kd4 Rh4+ 46. Kd5
Ne4 47. Rg2 Nc3+ 48. Kxd6 Rd4+ 49. Ke7 Nb5 50. Kxf6 1-0

[Event "ch-FRA Blitz Online Qual"]
[Site "Europe-Chess INT"]
[Date "2020.05.16"]
[Round "12"]
[White "Breuil, Virgile"]
[Black "Baudouin, Simon"]
[Result "0-1"]
[WhiteElo "1622"]
[BlackElo "1926"]
[WhiteFideId "45163693"]
[BlackFideId "36051284"]
[EventDate "2020.05.16"]

1. e4 c5 2. c3 d5 3. exd5 Qxd5 4. d4 g6 5. Nf3 Bg7 6. Be2 Nc6 7. Be3 cxd4 8.
cxd4 Nh6 9. Nc3 Qa5 10. Bxh6 Bxh6 11. O-O O-O 12. Re1 Bg7 13. d5 Rd8 14. Qc2
Bxc3 15. bxc3 Qxd5 16. Rad1 Qf5 17. Rxd8+ Nxd8 18. Bd3 Qf6 19. Qa4 Nc6 20. c4
Bg4 21. Be4 Rd8 22. h3 Bxf3 23. Bxf3 Rd2 24. Bxc6 Qxf2+ 25. Kh1 Qxe1+ 0-1

[Event "ch-FRA Blitz Online Qual"]
[Site "Europe-Chess INT"]
[Date "2020.05.16"]
[Round "12"]
[White "Trevisiol, Antoine"]
[Black "Robert, Yoann"]
[Result "0-1"]
[WhiteElo "1788"]
[BlackElo "2071"]
[WhiteFideId "45136530"]
[BlackFideId "36018805"]
[EventDate "2020.05.16"]

1. d4 f5 2. c4 Nf6 3. d5 d6 4. Nc3 g6 5. b3 Bg7 6. Bb2 O-O 7. Qc2 e5 8. dxe6
Bxe6 9. g3 c6 10. Bg2 Qc7 11. Nf3 Na6 12. a3 d5 13. Nd4 Bf7 14. cxd5 cxd5 15.
O-O Ne4 16. Ndb5 Qb6 17. Rad1 Rac8 18. Bxe4 dxe4 19. Nd6 Bxb3 20. Nxc8 Qe6 21.
Ne7+ Kh8 22. Nxg6+ hxg6 23. Qd2 Bxd1 24. Rxd1 Nc5 25. Qd6 Qb3 26. Qxc5 Qxb2 27.
Nd5 Qxe2 28. Rf1 b6 29. Qd6 Qc4 30. Ne7 Rf6 31. Qd8+ Kh7 32. Qg8+ Qxg8 33. Nxg8
Kxg8 34. Rc1 Bf8 35. Rc7 a5 36. Rb7 Bxa3 37. Rb8+ Bf8 38. Ra8 Rc6 39. h4 Rc1+
40. Kg2 Ra1 41. Rb8 a4 42. Rxb6 a3 43. Ra6 a2 44. Ra8 Kf7 45. Ra7+ Be7 46. Kh3
Rh1+ 47. Kg2 a1=Q 0-1

[Event "ch-FRA Blitz Online Qual"]
[Site "Europe-Chess INT"]
[Date "2020.05.16"]
[Round "12"]
[White "Bui, Christopher"]
[Black "Neau, Julien"]
[Result "0-1"]
[WhiteElo "1849"]
[BlackElo "1916"]
[WhiteFideId "45107998"]
[BlackFideId "631388"]
[EventDate "2020.05.16"]

1. c4 Nf6 2. g3 g6 3. Bg2 Bg7 4. Nc3 O-O 5. e4 d6 6. Nge2 Nbd7 7. O-O c6 8. d3
e5 9. h3 a6 10. a4 b6 11. Be3 Bb7 12. f4 exf4 13. Bxf4 Qe7 14. Qd2 Nc5 15. Rae1
Nfd7 16. b4 Ne6 17. Bh6 Bxh6 18. Qxh6 Qg5 19. Qxg5 Nxg5 20. d4 c5 21. bxc5 bxc5
22. d5 f5 23. exf5 Rxf5 24. Rxf5 gxf5 25. Nf4 Ne5 26. Rb1 Bc8 27. Bf1 Ngf3+ 28.
Kf2 Nd2 29. Rb2 Ndxc4 30. Bxc4 Nxc4 31. Re2 Kf7 32. Ne6 Bd7 33. h4 h6 34. h5 Rb8
35. Nf4 Rb2 36. Ng6 Rxe2+ 37. Kxe2 Nb2 38. a5 Nc4 39. Nd1 Nxa5 40. Ne3 Bb5+ 41.
Kd2 Nc4+ 42. Nxc4 Bxc4 43. Kc3 Bxd5 44. Nf4 Bf3 45. Kc4 d5+ 46. Kxc5 Kf6 47. Kb6
d4 48. Kxa6 Be4 49. Kb5 d3 50. Nxd3 Bxd3+ 51. Kc5 Kg5 52. Kd4 Be4 53. Ke3 Kg4
54. Kf2 Kxh5 55. Ke3 Kg4 56. Kf2 h5 57. Kg1 Kxg3 58. Kf1 h4 59. Kg1 h3 60. Kf1
h2 61. Ke2 h1=Q 62. Ke3 0-1

[Event "ch-FRA Blitz Online Qual"]
[Site "Europe-Chess INT"]
[Date "2020.05.16"]
[Round "12"]
[White "Ben Mohamed, Kader"]
[Black "Berthaut, Alexandre"]
[Result "0-1"]
[WhiteElo "1591"]
[BlackElo "1924"]
[WhiteFideId "45118523"]
[BlackFideId "26080192"]
[EventDate "2020.05.16"]

1. f4 e5 2. fxe5 d6 3. Nf3 dxe5 4. e4 Bc5 5. c3 Nc6 6. b4 Bb6 7. Qc2 Nf6 8. Bb5
O-O 9. Bxc6 bxc6 10. d4 exd4 11. cxd4 Nxe4 12. O-O Bxd4+ 13. Nxd4 Qxd4+ 14. Kh1
Qxa1 15. Bb2 Qxb1 16. Qxb1 Nd2 17. Qd1 Nxf1 18. Qd4 f6 19. Qc4+ Kh8 20. Qxf1 a5
21. Bc3 axb4 22. Bxb4 Ba6 23. Qc1 Rfe8 24. Qxc6 Bd3 25. a3 Rab8 26. h3 Rbd8 27.
Qxc7 Be4 28. Qg3 Rc8 29. Qg4 Bg6 30. h4 Bf7 31. h5 Be6 32. Qg3 h6 33. Qd6 Bg4
34. Qd5 Re5 35. Qd4 Rc1+ 36. Kh2 Bf5 37. Qd8+ Kh7 38. Qd2 Rc2 39. Qd4 Ree2 40.
Qg1 Be4 41. Bf8 Rxg2+ 42. Qxg2 Rxg2+ 43. Kh3 Ra2 44. Bxg7 Kxg7 45. Kh4 Rxa3 46.
Kg4 Bg6 47. Kf4 Bf7 48. Kf5 Bxh5 49. Kf4 Ra4+ 50. Kg3 Rg4+ 51. Kh3 Rg6 52. Kh2
f5 53. Kh3 f4 54. Kh2 f3 55. Kh3 f2 56. Kh2 Be2 57. Kh3 f1=Q+ 58. Kh2 Qg2# 0-1

[Event "ch-FRA Blitz Online Qual"]
[Site "Europe-Chess INT"]
[Date "2020.05.16"]
[Round "12"]
[White "Vie, Maxence"]
[Black "Sumarriva Paulin, Laura"]
[Result "1-0"]
[BlackTitle "WFM"]
[WhiteElo "1648"]
[BlackElo "2023"]
[WhiteFideId "45150168"]
[BlackFideId "45102635"]
[EventDate "2020.05.16"]

1. e4 e6 2. c4 d5 3. cxd5 exd5 4. exd5 Qxd5 5. Nc3 Qd8 6. d4 Nf6 7. Bc4 Be7 8.
Nf3 O-O 9. O-O c6 10. Bf4 Nbd7 11. Qd3 Nb6 12. Bb3 Bg4 13. Rad1 Nfd5 14. Be5 Bf6
15. h3 Bh5 16. Bg3 Nb4 17. Qb1 Bxf3 18. gxf3 Bxd4 19. Ne2 c5 20. a3 Nc6 21. Qf5
Qe7 22. Rfe1 Qf6 23. Qh5 Bxb2 24. Bc2 g6 25. Qg4 Ne5 26. Bxe5 Bxe5 27. f4 Bc7
28. Bb3 Rad8 29. h4 Rxd1 30. Rxd1 Rd8 31. Rxd8+ Qxd8 32. h5 Qd2 33. hxg6 hxg6
34. Qxg6+ Kh8 35. Bxf7 Qd4 36. Qg8# 1-0

[Event "ch-FRA Blitz Online Qual"]
[Site "Europe-Chess INT"]
[Date "2020.05.16"]
[Round "12"]
[White "Sithisak, William"]
[Black "Tomasi, Elise"]
[Result "1-0"]
[WhiteElo "1692"]
[BlackElo "2030"]
[WhiteFideId "45120749"]
[BlackFideId "26088843"]
[EventDate "2020.05.16"]

1. d4 d5 2. f4 e6 3. e3 Nf6 4. Nf3 c5 5. c3 Nc6 6. Bd3 Bd6 7. Nbd2 b6 8. Ne5 Ne7
9. g4 c4 10. Bc2 Bb7 11. g5 Ne4 12. Nxe4 Bxe5 13. fxe5 dxe4 14. Qg4 Qd5 15. Bd2
O-O-O 16. O-O-O Kb8 17. Kb1 Nf5 18. Rdf1 h5 19. gxh6 gxh6 20. Rhg1 h5 21. Qf4
Rdg8 22. Bd1 h4 23. Bg4 Nh6 24. Bh3 Qd8 25. Be1 Rg6 26. Bxh4 Qe8 27. Rxg6 fxg6
28. Bf6 Rh7 29. Qg5 Nf5 30. Bxf5 gxf5 31. h4 a6 32. Rg1 Ka7 33. Qg8 Qh5 34. Qg6
Qxg6 35. Rxg6 Bd5 36. Rg7+ Rxg7 37. Bxg7 f4 38. exf4 1-0

[Event "ch-FRA Blitz Online Qual"]
[Site "Europe-Chess INT"]
[Date "2020.05.16"]
[Round "12"]
[White "Menjra, Yanis"]
[Black "Lesueur, Gabriel"]
[Result "1-0"]
[WhiteElo "1489"]
[BlackElo "1906"]
[WhiteFideId "45155500"]
[BlackFideId "45186359"]
[EventDate "2020.05.16"]

1. d4 Nf6 2. Nf3 g6 3. Bf4 Bg7 4. e3 O-O 5. Be2 d6 6. c4 c5 7. Nc3 cxd4 8. exd4
Bf5 9. O-O Nc6 10. a3 Ne4 11. Be3 Nxc3 12. bxc3 e5 13. d5 Ne7 14. Nh4 Bd7 15. g3
b6 16. Ng2 f5 17. f4 Qe8 18. Qd2 Kh8 19. Rad1 Ng8 20. fxe5 dxe5 21. c5 Nf6 22.
c6 Bc8 23. Bb5 1-0

[Event "ch-FRA Blitz Online Qual"]
[Site "Europe-Chess INT"]
[Date "2020.05.16"]
[Round "12"]
[White "Evrin, Selvam"]
[Black "Reuillon, Hadrien"]
[Result "0-1"]
[WhiteElo "1882"]
[BlackElo "1817"]
[WhiteFideId "36094404"]
[BlackFideId "45133972"]
[EventDate "2020.05.16"]

1. e4 c5 2. Nf3 Nc6 3. d4 cxd4 4. Nxd4 g6 5. Be3 Bg7 6. Nc3 Nf6 7. Bc4 Qa5 8.
O-O Qb4 9. Bb3 Nxe4 10. Nxe4 Nxd4 11. c3 Ne2+ 12. Qxe2 Qxe4 13. Rad1 O-O 14.
Rfe1 e6 15. Qd2 Qc6 16. c4 b6 17. Bh6 Bb7 18. Bxg7 Qxg2# 0-1

[Event "ch-FRA Blitz Online Qual"]
[Site "Europe-Chess INT"]
[Date "2020.05.16"]
[Round "12"]
[White "Percheron, Andre"]
[Black "Douchez, Tony"]
[Result "1-0"]
[WhiteElo "1846"]
[BlackElo "1630"]
[WhiteFideId "20607091"]
[BlackFideId "36087785"]
[EventDate "2020.05.16"]

1. Nf3 d5 2. c4 c6 3. g3 e6 4. Bg2 Nf6 5. b3 Be7 6. Bb2 Nbd7 7. O-O O-O 8. d3 b6
9. Nbd2 Bb7 10. Ne5 Nxe5 11. Bxe5 d4 12. Qc2 Qd7 13. Bxf6 Bxf6 14. c5 Be7 15.
cxb6 axb6 16. Nf3 f6 17. Qc4 Rfd8 18. b4 Kf8 19. a4 e5 20. a5 bxa5 21. bxa5 Ba6
22. Qc2 Bb4 23. Nd2 Bc3 24. Ra3 Bb5 25. Ne4 Bxa5 26. Nc5 Qd6 27. Rfa1 Qc7 28.
Qa2 Bb6 29. Ne6+ Ke7 30. Nxc7 Bxc7 31. Rxa8 Rd7 32. Qa3+ Bd6 33. Qb2 Rb7 34.
R1a7 Rd7 35. Rxd7+ Kxd7 36. Ra7+ Ke6 37. Rxg7 h5 38. h4 f5 39. Bh3 Kd5 40. Bxf5
e4 41. Qb3+ Kc5 42. Bxe4 Ba6 43. Qa3+ Kb6 44. Bxc6 Bxg3 45. fxg3 Bxd3 46. exd3
Kxc6 47. Rg6+ Kd5 48. Qa5# 1-0

[Event "ch-FRA Blitz Online Qual"]
[Site "Europe-Chess INT"]
[Date "2020.05.16"]
[Round "12"]
[White "Bag, Ayoub"]
[Black "Gerandi, Guillaume"]
[Result "1-0"]
[WhiteElo "1467"]
[BlackElo "1876"]
[WhiteFideId "551012308"]
[BlackFideId "20648359"]
[EventDate "2020.05.16"]

1. e4 c5 2. d3 Nc6 3. Nc3 g6 4. Nge2 Bg7 5. g3 d6 6. Bg2 e6 7. O-O Nge7 8. Bd2
O-O 9. f4 b6 10. Bh3 d5 11. exd5 exd5 12. Bg2 Bg4 13. Rb1 Nd4 14. Be3 Ndf5 15.
Bf2 Rc8 16. h3 Bxe2 17. Nxe2 Nc6 18. Nc3 Nfe7 19. Re1 Nd4 20. Ne2 Nec6 21. c3
Nxe2+ 22. Rxe2 Re8 23. Rxe8+ Qxe8 24. Bxd5 Qd7 25. Bg2 Rd8 26. Qe2 Ne7 27. Re1
Nf5 28. Be4 Nd6 29. Kg2 f5 30. Bf3 Nb5 31. Rd1 Bxc3 32. bxc3 Nxc3 33. Qb2 Nxd1
34. Bxd1 Qxd3 35. Bb3+ Kf8 36. Qh8+ Ke7 37. Qxh7+ Kd6 38. Qxg6+ Kc7 39. Qf7+ Kb8
40. Be6 Qe4+ 41. Kh2 Qe2 42. Kg2 Qe4+ 43. Kh2 Qf3 44. Bd5 Qxf2+ 45. Kh1 Qe1+ 46.
Kh2 Qd2+ 47. Bg2 Qc2 48. Qb7# 1-0

[Event "ch-FRA Blitz Online Qual"]
[Site "Europe-Chess INT"]
[Date "2020.05.16"]
[Round "12"]
[White "El Barbry, Sarah"]
[Black "Bakouri, Abdelmajid"]
[Result "0-1"]
[WhiteElo "1779"]
[BlackElo "1871"]
[WhiteFideId "26051419"]
[BlackFideId "7901682"]
[EventDate "2020.05.16"]

1. e4 g6 2. d4 Bg7 3. Nf3 d6 4. c3 Nf6 5. Bd3 O-O 6. O-O Nc6 7. Bg5 h6 8. Bd2 e5
9. Na3 Bg4 10. d5 Ne7 11. Nc2 Nh5 12. h3 Bd7 13. Qc1 Kh7 14. g4 Nf6 15. g5 Nfg8
16. gxh6 Bxh6 17. Bxh6 Nxh6 18. Ng5+ Kg7 19. Kh2 f5 20. exf5 Nexf5 21. Rg1 Nh4
22. Be4 Rf4 23. f3 Qf6 24. Qe1 Rf8 25. Qxh4 Rxh4 26. Ne6+ Bxe6 27. Rxg6+ Qxg6
28. Bxg6 Bxd5 29. Rg1 Kh8 30. Ne3 Bxf3 31. Rf1 Rhf4 32. Kg1 Kg7 33. Bc2 c6 34.
Kh2 Be2 35. Rg1+ Kh8 36. Rg6 R8f6 37. Rg2 Rf2 38. Kg3 Rxg2+ 39. Nxg2 Rf3+ 40.
Kh2 Nf5 41. Kg1 Ng3 42. Kh2 Nf1+ 43. Kg1 Ba6 44. Be4 Rf6 45. h4 Ng3 46. Kh2 Nxe4 0-1